000
00290nam a2200145Ia 4500
100
_a
DUNCAN/ TOM
942
_c
BK
654
_a
electronics
245
_a
Success in Electronics
260
_b
B.P.B
_c
1996
082
_a
621.381
_b
DUN
300
_a
353
546
_a
ENGLISH
999
_c
30372
_d
30372